Glimpses of northeast India archaeology (Record no. 6306)

MARC details
000 -LEADER
fixed length control field 00495cam a2200205ua 4500
001 - CONTROL NUMBER
control field 7185
005 - DATE AND TIME OF LATEST TRANSACTION
control field 20260515114151.0
008 - FIXED-LENGTH DATA ELEMENTS--GENERAL INFORMATION
fixed length control field 141203n ii |||gr||||Z||||||eng
020 ## - INTERNATIONAL STANDARD BOOK NUMBER
International Standard Book Number 9789380261614
040 ## - CATALOGING SOURCE
Transcribing agency MAIN
041 ## - LANGUAGE CODE
Language code of text/sound track or separate title eng
082 ## - DEWEY DECIMAL CLASSIFICATION NUMBER
Classification number 954
100 ## - MAIN ENTRY--PERSONAL NAME
Personal name Sharma, D.,
Relator term Author.
245 1# - TITLE STATEMENT
Title Glimpses of northeast India archaeology
Statement of responsibility, etc. By Dhritiman Sharma
250 ## - EDITION STATEMENT
Edition statement 1st.
260 ## - PUBLICATION, DISTRIBUTION, ETC.
Place of publication, distribution, etc. Guwahati:
Name of publisher, distributor, etc. EBH,
Date of publication, distribution, etc. 2012.
300 ## - PHYSICAL DESCRIPTION
Extent vii,157p.
653 ## - INDEX TERM--UNCONTROLLED
Uncontrolled term Northeast history
942 ## - ADDED ENTRY ELEMENTS (KOHA)
Koha item type Books
Holdings
Withdrawn status Lost status Damaged status Not for loan Home library Current library Shelving location Date acquired Total checkouts Full call number Barcode Date last seen Copy number Price effective from Koha item type
        Naharkatiya College Library Naharkatiya College Library General stacks 09/19/2020   954.16 | SHA 22312 09/19/2020 1 09/19/2020 Books